000
00263nam a2200121Ia 4500
082
_a
615.19
_b
P05B
100
_a
BEEKTT, A.H.
245
_a
PRACTICAL PHARMACEUTICAL CHEMISTRY
260
_b
CBS- DELHI
300
_a
326
650
_a
CHEMISTRY
942
_2
ddc
_c
BK
_0
1
999
_c
7182
_d
7182